| 000 | 00474nam a22001697a 4500 | ||
|---|---|---|---|
| 005 | 20251108175312.0 | ||
| 008 | 250721s2008 xx 000 0 ara d | ||
| 082 | 1 | 4 | _a624.152/داس |
| 100 | 1 | _aم.داس، براجا م | |
| 245 | 1 | 0 | _aهندسة الأساسات / |
| 264 | 1 |
_aحلب : _bشعاع للنشر والعلوم، _c2008. |
|
| 300 | _a861ص. | ||
| 650 | 1 | 7 | _aهندسة الاساسات |
| 650 | 1 | 7 | _aالهندسة |
| 942 |
_2ddc _cBK |
||
| 999 |
_c130930 _d130930 |
||